Una mirada a la argumentacin̤ jurd̕ica

Detalles Bibliográficos
Autor principal: Amaya Gonzl̀ez, Renata
Otros Autores: Parra Herrera, Nicols̀
Formato: eBook
Lenguaje:español
Publicado: Bogot:̀ Universidad de Los Andes (Colombia), 2019
Materias:
Acceso en línea:Acceso restringido

MARC

LEADER 00000nam a22000007a 4500
005 20200722002611.0
007 cr|||| ||||
008 200722s2019 co |||||s|||| 00||0 spa d
020 |a 978-958-774-849-9 
035 |a 31863 
040 |a vLex 
090 |c 10681  |d 10681 
100 1 |a Amaya Gonzl̀ez, Renata 
245 1 3 |a Una mirada a la argumentacin̤ jurd̕ica  |h [Recurso electrn̤ico] /  |c Renata Amaya Gonzl̀ez, Nicols̀ Parra Herrera 
256 |a Servicio en ln̕ea 
260 |a Bogot:̀  |b Universidad de Los Andes (Colombia),  |c 2019 
300 |a 1 recurso electrn̤ico 
506 1 |a Disponible solo en los productos indicados  |d vLex Global  |d vLex Global (Academic Edition, excluding Law Schools)  |d vLex Global (U.S. Academic Edition, Law Schools)  |d vLex Global (U.S. Academic Edition, excluding Law Schools)  |d vLex Global (Academic Edition, Law Schools) 
650 0 4 |a Derecho Constitucional  |z Colombia 
700 1 |a Parra Herrera, Nicols̀ 
740 0 |a vLex Libros (Servicio en ln̕ea) 
856 4 0 |u http://vlex.com/source/mirada-argumentacion-juridica-31863  |z Acceso restringido 
942 |c BOOK 
999 0 |a Constitutional right